| 000 | 00757nam a2200205 a 4500 | ||
|---|---|---|---|
| 001 | 000042258 | ||
| 005 | 20201002040033.0 | ||
| 008 | 131120s1984 bl 000 0 spa d | ||
| 040 |
_aDO-SdBNP _bspa _cBNPHU |
||
| 082 |
_axxxx _bxxxx |
||
| 100 | 1 |
_aSerrano Caldera, Alejandro _936294 |
|
| 245 | 1 | 0 |
_aFilosofia e crise : _bpela filosofia latino-americana / _cAlejandro Serrano Caldera ; tradução de Orlando dos Reis. |
| 260 |
_aPetrópolis : _bVozes, _c1984. |
||
| 300 |
_a99 p. ; _c21 cm. |
||
| 490 | 1 |
_aFilosofia na América Latina _v1 |
|
| 500 | _aIncluye referencias bibliográficas y notas al pie de las páginas | ||
| 504 | _aBibliografía : p. 97-99 | ||
| 700 | 1 | 2 |
_aReis, Orlando dos _etr. _969286 |
| 830 | 0 |
_aFilosofia na América Latina ; _n1 _969287 |
|
| 999 |
_c41747 _d41747 |
||